Every Song by 3 Doors Down - Statistics

General Stats
  • This quiz has been taken 27 times
    25 since last reset
  • The average score is 25 of 80
Answer Stats
Album Song % Correct
The Better Life(2000) Kryptonite
100%
Away from the Sun(2002) Here Without You
60%
Away from the Sun(2002) Away from the Sun
55%
Time of My Life(2011) Time of My Life
55%
Away from the Sun(2002) When I'm Gone
55%
The Better Life(2000) Better Life
50%
The Better Life(2000) Loser
50%
Us and the Night(2016) Us and the Night
50%
The Better Life(2000) Be Like That
40%
The Better Life(2000) Duck and Run
40%
Seventeen Days(2005) Behind Those Eyes
35%
The Better Life(2000) By My Side
35%
3 Doors Down(2008) Citizen/Soldier
35%
The Better Life(2000) Down Poison
35%
Time of My Life(2011) Heaven
35%
The Better Life(2000) Life of My Own
35%
The Better Life(2000) Smack
35%
The Better Life(2000) So I Need You
35%
Away from the Sun(Hidden)(2002) This Time
35%
Time of My Life(2011) Believer
30%
Seventeen Days(2005) Be Somebody
30%
Away from the Sun(2002) Changes
30%
Away from the Sun(2002) Dangerous Game
30%
Time of My Life(2011) Every Time You Go
30%
Seventeen Days(2005) Father's Son
30%
Us and the Night(2016) Fell from the Moon
30%
3 Doors Down(2008) Give It to Me
30%
Away from the Sun(2002) Going Down in Flames
30%
Seventeen Days(2005) Here by Me
30%
Away from the Sun(2002) I Feel You
30%
Seventeen Days(2005) It's Not Me
30%
3 Doors Down(2008) It's Not My Time
30%
3 Doors Down(2008) It's the Only One You've Got
30%
Seventeen Days(2005) Landing in London
30%
3 Doors Down(2008) Let Me Be Myself
30%
Seventeen Days(2005) Let Me Go
30%
Seventeen Days(2005) Live for Today
30%
The Better Life(2000) Not Enough
30%
3 Doors Down(2008) Pages
30%
Away from the Sun(Bonus)(2002) Pop Song
30%
Time of My Life(2011) Race for the Sun
30%
Seventeen Days(2005) Right Where I Belong
30%
Away from the Sun(2002) Running Out of Days
30%
Away from the Sun(2002) Sarah Yellin'
30%
3 Doors Down(2008) She Don't Want the World
30%
Seventeen Days(2005) The Real Life
30%
Away from the Sun(2002) The Road I'm On
30%
Away from the Sun(2002) Ticket to Heaven
30%
3 Doors Down(2008) Train
30%
Time of My Life(2011) What's Left
30%
Time of My Life(2011) When You're Young
30%
Where My Christmas Lives(2009) Where My Christmas Lives
30%
Time of My Life(2011) Back to Me
25%
Us and the Night(2016) Believe It
25%
Us and the Night(2016) I Don't Wanna Know
25%
Us and the Night(2016) Inside of Me
25%
Us and the Night(2016) In the Dark
25%
Us and the Night(2016) Living in Your Hell
25%
Us and the Night(2016) Love Is a Lie
25%
Time of My Life(2011) My Way
25%
Seventeen Days(2005) My World
25%
Seventeen Days(2005) Never Will I Break
25%
The Greatest Hits(2012) One Light
25%
Time of My Life(2011) On the Run
25%
Us and the Night(2016) Pieces of Me
25%
Time of My Life(2011) Round and Round
25%
3 Doors Down(2008) Runaway
25%
Time of My Life(2011) She is Love
25%
Us and the Night(2016) Still Alive
25%
Us and the Night(2016) The Broken
25%
3 Doors Down(2008) These Days
25%
3 Doors Down(2008) When It's Over
25%
3 Doors Down(2008) Your Arms Feel Like Home
25%
3 Doors Down(Bonus)(2008) Feet in the Water
20%
Us and the Night(Bonus)(2016) Found Me There
20%
The Greatest Hits(2012) Goodbyes
20%
The Greatest Hits(2012) There's a Life
20%
Time of My Life(Bonus)(2011) The Silence Remains
20%
Us and the Night(Bonus)(2016) Walk Before You Run
20%
3 Doors Down(Bonus)(2008) Who Are You
20%
No matching quizzes found
Score Distribution
Percent of People with Each Score
Percentile by Number Answered
Your Score History
You have not taken this quiz since the last reset